000 00744cab a2200217 4500
001 X97304
008 090401t1999 xxu||||| |||| 00| 0 eng d
035 _a(Sirsi) u91979
041 0 _aeng
245 0 0 _aBritish Alcan Aluminium plc v Chiltern DC; Services Sound and Vision Corporation v Chiltern DC
260 _c1999
350 _a0
490 0 _aProperty, Planning and Compensation Reports
_v[1999] 77 P&CR, 178-189(12)
650 2 4 _aBRITISH ALCAN ALUMINIUM PLC V CHILTERN DC
650 2 4 _aGREEN BELT
650 2 4 _aPLANNING POLICY GUIDANCE NOTE 2 (GREEN BELTS)
651 4 _aEngland and Wales
_y1543-
690 _aENVIRONMENTAL AND LAND CONSULTANCY-PLANNING AND DEVELOPMENT-PLANNING GUIDANCE
942 _n0
948 _c11/03/1999
999 _c58323
_d58323